000 01142nam0a22003131 4500
001 RU\INFOCOMM_317\NLR\5000030964
005 20250614081029.0
035 _a(NLR Aleph) 010625451
090 _a10617400
_c10617400
100 _a20130328d1985 |||y0rusy50 ca
101 0 _aeng
102 _aRU
105 _ay z||||
200 1 _aOn two-photon width of δ-meson
_fE. P. Shabalin
210 _aМосква
_cИн-т теорет. и эксперим. физики
_d1985
215 _a7 с.
_cил.
_d20 см
225 1 _aInstitute of theoretical and experimental physics
_vITEP-68
300 _aВ вып. дан.: О двухфотонной ширине δ-мезона / Е. П. Шабалин
320 _aБиблиогр.: с. 7
606 0 _aМезоны векторные
_xРаспад радиационный
_2nlr_sh1
686 _aВ382.145
_2rubbk
686 _aВ382.234
_2rubbk
700 1 _9z01790
_aŠabalin
_bE. P.
_gEvgenij Pavlovič
790 1 _9z01700
_aShabalin
_bE. P.
_4070
801 1 _aRU
_bInfocomm
_c20130328
801 0 _aRU
_bINFOCOMM
_gPSBO
852 _aNLR
_jФз01 Д-4/3009
942 _cBOOK
980 _aNB